Upton's Regulars : the 121st New York Infantry in the Civil War /

Bibliographic Details
Main Author: Cilella, Salvatore G.
Format: Book
Language:English
Published: Lawrence : University Press of Kansas, [2009]
Series:Modern war studies.
Subjects:

MARC

Tag First Indicator Second Indicator Subfields
LEADER 00000cam a22000004a 4500
001 in00002454513
005 20151111043257.0
008 090313s2009 ksuab b s001 0 eng
010 |a  2009011070 
020 |a 9780700616459 (cloth : alk. paper) 
020 |a 0700616454 (cloth : alk. paper) 
035 |a (OCoLC)ocn294935765 
040 |a DLC  |c DLC  |d UtOrBLW 
043 |a n-us---  |a n-us-ny 
049 |a TXAM 
050 0 0 |a E523.5 121st  |b .C55 2009 
082 0 0 |a 973.7  |2 22 
100 1 |a Cilella, Salvatore G. 
245 1 0 |a Upton's Regulars :  |b the 121st New York Infantry in the Civil War /  |c Salvatore G. Cilella, Jr. 
264 1 |a Lawrence :  |b University Press of Kansas,  |c [2009] 
264 4 |c ©2009 
300 |a xiv, 586 pages :  |b illustrations, maps ;  |c 24 cm. 
336 |a text  |b txt  |2 rdacontent 
337 |a unmediated  |b n  |2 rdamedia 
338 |a volume  |b nc  |2 rdacarrier 
490 1 |a Modern war studies 
504 |a Includes bibliographical references (pages 541-562) and index. 
505 0 |a Congressman Franchot recruits a regiment -- "The nursery of soldiers" : the men and boys from Herkimer and Otsego counties -- Stumbling into war -- Emory Upton takes command -- Desertion, disarray, and despair : Winter 1862-1863 -- Burnside, Mud, and Hooker -- Chancellorsville and Salem Church -- After Gettysburg : becoming abolitionists, June to October 1863 -- To Rappahannock Station -- Winter quarters, December 15, 1863, to May 4, 1864 -- Grant's overland campaign, May to June 1864 -- To Washington and the valley -- Return to Petersburg, December 1864 to April 1865 -- Lee surrenders and the war ends -- Touching elbows : the regimental association -- Shaping the memory : writing the history -- Epilogue. 
610 1 0 |a United States.  |b Army.  |b New York Infantry Regiment, 121st (1861-1865) 
651 0 |a New York (State)  |x History  |y Civil War, 1861-1865  |x Regimental histories. 
651 0 |a United States  |x History  |y Civil War, 1861-1865  |x Regimental histories. 
830 0 |a Modern war studies. 
945 |a PromptCat 
946 |a stk 
947 |a A14839926002 
948 |a cataloged  |b h  |c 2009/7/30  |d c  |e dmitchel  |f 2:00:00 pm 
994 |a 92  |b TXA 
999 |a MARS 
999 f f |s c7920d41-1b17-335e-9dfb-1666fdb7ac09  |i 8ce1947f-0bb8-3625-86f7-8dea294b18b1  |t 0 
952 f f |p noncirc  |a Texas A&M University  |b J.J. Pickle Campus  |c High Density Repository  |d Remote Storage  |t 0  |e E523.5 121st .C55 2009  |h Library of Congress classification  |i unmediated -- volume  |m A14839926002 
998 f f |a E523.5 121st .C55 2009  |t 0  |l Remote Storage